000 00443nam a22001697a 4500
003 OSt
005 20210930113746.0
008 210930b |||||||| |||| 00| 0 eng d
020 _a0-02-384700-X
040 _cHawassa university
050 _a581/MUL
_b2
082 _2Fourth edition
_a581/MUL
_b2
100 _aMuller walter h.
_98656
245 _aBotany a functional approach
260 _aNew york
_bMacmillan
_c1979
942 _2ddc
_cBOOKS
_n0
999 _c8016
_d8016